[Event "CP-2011-P-00015"]
[Site "LSS email"]
[Date "2011.09.30"]
[Round "?"]
[White "Lubas, Jozef"]
[Black "Zasinets, Dima"]
[Result "1/2-1/2"]
[WhiteElo "2240"]
[BlackElo "1954"]
[PlyCount "77"]
[EventDate "2011.10.01"]
[EventType "tourn (corr)"]
[EventRounds "6"]
[EventCountry "GER"]
[SourceTitle "Telechess CBM 153"]
[Source "ChessBase"]
[SourceDate "2013.03.14"]
[SourceVersion "1"]
[SourceVersionDate "2013.03.14"]
[SourceQuality "1"]

1. e4 c5 2. Nf3 d6 3. d4 cxd4 4. Nxd4 Nf6 5. Nc3 a6 6. Be3 e5 7. Nb3 Be7 8. Be2 Be6 9. 0-0 0-0 10. Qd3 Nc6 11. a3 Rc8 12. Rfd1 h6 13. Rac1 Nd7 14. Nd5 Bg5 15. Qd2 Bxe3 16. Qxe3 Re8 17. c3 Nf6 18. Nxf6+ Qxf6 19. Nd2 Na5 20. c4 Nc6 21. h3 Nd4 22. Nb3 Nxe2+ 23. Qxe2 Qd8 24. Qd2 Qb6 25. Na5 Qc7 26. Nb3 Red8 27. Qe3 f6 28. Nd2 Qd7 29. Rc3 b5 30. Rdc1 bxc4 31. Nxc4 d5 32. exd5 Qxd5 33. Nb6 Rxc3 34. Nxd5 Rxe3 35. Nxe3 Rd6 36. Kf1 Rd2 37. Nd1 Bb3 38. Ke1 Rd7 39. Rc8+ 1/2-1/2

[Event "CP-2011-P-00015"]
[Site "LSS email"]
[Date "2011.09.30"]
[Round "?"]
[White "Zasinets, Dima"]
[Black "Csoma, Balint"]
[Result "1-0"]
[WhiteElo "1954"]
[BlackElo "1130"]
[PlyCount "41"]
[EventDate "2011.10.01"]
[EventType "tourn (corr)"]
[EventRounds "6"]
[EventCountry "GER"]
[SourceTitle "Telechess CBM 153"]
[Source "ChessBase"]
[SourceDate "2013.03.14"]
[SourceVersion "1"]
[SourceVersionDate "2013.03.14"]
[SourceQuality "1"]

1. d4 Nf6 2. Nf3 d5 3. c4 c6 4. Nc3 dxc4 5. a4 g6 6. e4 Bg7 7. Bxc4 0-0 8. h3 Nbd7 9. 0-0 Nb6 10. Bb3 a5 11. Re1 Bd7 12. Qd3 Qc7 13. Bg5 h6 14. Be3 Rad8 15. Qd2 Kh7 16. Bf4 Qc8 17. Rac1 Nh5 18. Bh2 Bxh3 19. gxh3 Qxh3 20. Qe3 Kh8 21. Bc7 1-0

[Event "BI-2011-P-00013"]
[Site "LSS email"]
[Date "2011.04.17"]
[Round "?"]
[White "Zasinets, Dima"]
[Black "Degterev, Pavel"]
[Result "1/2-1/2"]
[WhiteElo "1893"]
[BlackElo "2240"]
[PlyCount "115"]
[EventDate "2011.04.20"]
[EventType "tourn (corr)"]
[EventRounds "10"]
[EventCountry "GER"]
[SourceTitle "Telechess CBM 157"]
[Source "ChessBase"]
[SourceDate "2013.11.12"]
[SourceVersion "1"]
[SourceVersionDate "2013.11.12"]
[SourceQuality "1"]

1. e4 g6 2. d4 Bg7 3. Nc3 d6 4. Be3 c6 5. a4 Nf6 6. Nf3 0-0 7. Be2 Na6 8. 0-0 Nb4 9. a5 Bd7 10. Qd2 Qc7 11. h3 Rfd8 12. Bg5 c5 13. Rfd1 cxd4 14. Nxd4 Rac8 15. Be3 Qb8 16. Ra3 Na6 17. f3 Nc7 18. Rb3 a6 19. Bc4 Be8 20. Bf2 Qa8 21. Nde2 e6 22. Bd3 Qb8 23. f4 e5 24. Bh4 Bc6 25. Qe3 Rd7 26. Rb6 Na8 27. Rb4 Qc7 28. Ra1 Qd8 29. Qf3 Nc7 30. Rf1 Nce8 31. Rb6 Qc7 32. fxe5 dxe5 33. b4 h6 34. Nc1 Rd6 35. Nb3 Nh5 36. Rxc6 bxc6 37. Ne2 Bf6 38. Bf2 Qb7 39. Bc5 Rd7 40. Bb6 Bd8 41. Qf2 Re7 42. Bc5 Rd7 43. Bc4 Nhf6 44. Qe3 Kg7 45. c3 Be7 46. Nec1 Nd6 47. Bxd6 Bxd6 48. Nd3 Qa7 49. Ndc5 Rcc7 50. Qf2 Bxc5 51. Nxc5 Rd6 52. Bxa6 Re7 53. Be2 Ne8 54. Qe3 Rf6 55. Rd1 Rd6 56. Re1 Rf6 57. a6 Rd6 58. g3 1/2-1/2